| 000 | 01007nam0a22002771 4500 | ||
|---|---|---|---|
| 001 | rc\3456357 | ||
| 005 | 20250610114224.0 | ||
| 021 |
_aRU _b73-41345 |
||
| 021 |
_aRU _bРг8978-73 |
||
| 035 | _a(NLR Aleph) 007883789 | ||
| 090 |
_a7934500 _c7934500 |
||
| 100 | _a20130115d1973 |||y0rusy50 ca | ||
| 101 | 0 | _arus | |
| 102 | _aRU | ||
| 105 | _aa z ||||| | ||
| 200 | 1 |
_aРадиолокационное пеленгование протяженных целей _e[1]- _fПенз. высш. артиллер. инж. училище имени Гл. маршала артиллерии Н.Н. Воронова |
|
| 210 |
_aПенза _cБ. и. _d1973 |
||
| 215 |
_a126 с. _cил. _d22 |
||
| 320 | _aБиблиогр.: с. 122 | ||
| 700 | 1 |
_aОстровитянов _bР.В. _gРадий Владимирович |
|
| 701 | 1 |
_aБасалов _bФ.В. _gФеликс Владимирович |
|
| 801 | 0 |
_aRU _bNLR _gpsbo |
|
| 801 | 1 |
_aRU _bELAR _2rusmarc |
|
| 852 |
_aNLR _j73-5/2245 |
||
| 942 | _cBOOK | ||
| 980 | _aNB | ||